|
|
|
|
| LEADER |
01850cas a2200289 a 4500 |
| 001 |
AALejournalIMF022975 |
| 008 |
230101c9999 xx r poo 0 0eng d |
| 020 |
|
|
|c 20.00 USD
|
| 020 |
|
|
|z 9798400212505
|
| 022 |
|
|
|a 1934-7685
|
| 040 |
|
|
|a BD-DhAAL
|c BD-DhAAL
|
| 110 |
2 |
|
|a International Monetary Fund.
|b European Dept..
|
| 245 |
1 |
0 |
|a Principality of Andorra :
|b 2022 Article IV Consultation-Press Release; and Staff Report.
|
| 264 |
|
1 |
|a Washington, D.C. :
|b International Monetary Fund,
|c 2022.
|
| 300 |
|
|
|a 1 online resource (54 pages)
|
| 490 |
1 |
|
|a IMF Staff Country Reports
|
| 500 |
|
|
|a <strong>Off-Campus Access:</strong> No User ID or Password Required
|
| 500 |
|
|
|a <strong>On-Campus Access:</strong> No User ID or Password Required
|
| 506 |
|
|
|a Electronic access restricted to authorized BRAC University faculty, staff and students
|
| 520 |
3 |
|
|a The Andorran economy is recovering strongly from the pandemic, supported by a rebound in tourism, retail trade, construction, and professional services. Real GDP is expected to reach pre-crisis levels in the second half of 2022. While the unemployment rate is amongst the lowest in Europe and continues to decline, pockets of vulnerability remain. Notwithstanding significant policy buffers, there are still substantial downside risks, notably the impact in Europe of the war in Ukraine, higher than expected inflation, and a resurgence of infection rates.
|
| 538 |
|
|
|a Mode of access: Internet
|
| 650 |
|
7 |
|a International Agreements and Observance
|2 imf
|
| 650 |
|
7 |
|a International Organizations
|2 imf
|
| 650 |
|
7 |
|a Monetary Policy
|2 imf
|
| 651 |
|
7 |
|a Andorra, Principality of
|2 imf
|
| 830 |
|
0 |
|a IMF Staff Country Reports; Country Report ;
|v No. 2022/179
|
| 856 |
4 |
0 |
|z Full text available on IMF
|u https://elibrary.imf.org/openurl?genre=journal&issn=1934-7685&volume=2022&issue=179
|z IMF e-Library
|